000 04398nkm0a2200541 4500
001 RU\NLR\BIBL_A\012501285
005 20260409073022.0
035 _a(NLR Aleph) 012501285
090 _a13537912
_c13537912
100 _a20260201 rusy50
101 0 _arus
102 _aRU
116 _adiybxx zz ae
135 _acrcn 024anaba
181 0 _ab4
_bxb2e
182 0 _an
200 1 _aГ. Екатеринбург
_h№ 46
_iВокзал жел. дороги
_bИзоматериал
_eоткрытое письмо
203 _aИзображение
_bнеподвижное
_bдвухмерное
_bвизуальное
_cнепосредственное
210 _aЕкатеринбург
_cиздание В.Л. Метенкова
_d[между 1904 и 1917]
_eBerlin
_gWilhelm Greve
215 _a1 л.
_cфототип.
_d8,9х13,8
317 _aЭкз. РНБ на шифре Э ОТ63/C242, Эм20128: из коллекции И.Н. Чуракова
_5NLR: Э ОТ63/C242
325 _aКопия доступна в Электрон. б-ке РНБ
532 1 2 _aГород Екатеринбург. Вокзал железной дороги
606 1 _aПочтовые открытки маркированные художественные
_yРоссия
_z1895 - 1917
_92195710
_3RU\NLR\AUTH\6601555036
606 1 _aФотографические открытки
_92151039
_3RU\NLR\AUTH\661600135
606 _aВокзалы (ж.-д.)
_jОткрытки
_3RU\NLR\AUTH\661250786
_92075702
607 _aЕкатеринбург, город
_jОткрытки
_92388468
_3RU\NLR\AUTH\661424564
610 1 _aВидовые открытки
617 _aРоссия
_cПермская губерния
_cЕкатеринбургский уезд
_dЕкатеринбург, город
_eЖелезнодорожный вокзал
686 0 _aЩ153(2Р=Рус)53-489
702 1 _4390
_aЧураков
_bИ. Н.
_f1892-1942
_gИгорь Николаевич
_9134324
_3RU\NLR\AUTH\770134358
712 0 0 _4650
_aМетенков,
_cЕкатеринбург
_gВениамин Леонтьевич,
_hфотографический магазин
_9470515
_3RU\NLR\AUTH\880401768
712 0 0 _4610
_7ba
_8ger
_aGreve,
_cBerlin
_gWilhelm,
_hKönigliche Hoflithographie, Hof-Buch- und Steindruckerei
_9470453
_3RU\NLR\AUTH\880401743
830 _aГраницы датировки открытки: 1904 - по оформлению адресной стороны (с разделительной линией); 1917 - по дореформенной орфографии. А.Я. ОЭст
830 _aВарианты наименования печатника открытки в 1900-х - 1910-х гг.: Königliche Hoflithographie, Hof-Buch- und -Steindruckerei Wilhelm Greve, Berlin (http://macedonia.kroraina.com/?l=en&a=h&pg=19), Wilhelm Greve, Königliche Hofbuchdruckerei, Berlin (http://www.dhm.de/datenbank/dhm.php?seite=5&fld_0=RA003191), Wilhelm Grave, Königl. Hoflith. Berlin (http://www.dhm.de/datenbank/dhm.php?seite=5&fld_0=97003016), Lithographisches Institut von Wilhelm Greve (http://www.dhm.de/datenbank/dhm.php?seite=5&fld_0=HA943411), Wilhelm Greve, Geographisches Institut, Königl. Hoflithographie, Hof-Buch-u. Steindruckerei, Berlin, Hamburg, London, Paris, New York (https://portal.dnb.de/opac.htm?method=simpleSearch&cqlMode=true&query=idn%3D996720901) (27.05.2015 - все ссылки). А.Я. ОЭст
830 _aВ адресе печатника "SW 68" (после "Berlin") является обозначением почтового участка. Berlin SW = Südwesten. SW 68, Linden- Ecke Ritterstraße; (Kreuzberg) (auch Alte Jacobstraße). Источник сведений: http://de.wikipedia.org/wiki/Berliner_Postbezirke_%28ab_1862%29 (27.05.2015). А.Я. ОЭст
852 0 0 _aNLR
_bЭ
_jОТ63/C242
_mЭм20128
856 0 _uhttps://vivaldi.nlr.ru/lo700000159/view
856 1 _uhttps://vivaldi.nlr.ru/lo700000159/cover
856 2 _uhttps://vivaldi.nlr.ru/lo700000159/text
942 _cVISUAL
980 _aNB
981 1 7 _a(17) Изографические материалы
_b(17) Открытки